Cuaderno de derecho internacional (Registro nro. 8596)

Detalles MARC
000 -LEADER
fixed length control field 00980nas a2200253 454500
001 - CONTROL NUMBER
control field 26145
005 - DATE AND TIME OF LATEST TRANSACTION
control field 20260407193506.0
008 - FIXED-LENGTH DATA ELEMENTS--GENERAL INFORMATION
fixed length control field 260407s2006####ag###########|||spa#d
003 - CONTROL NUMBER IDENTIFIER
control field AR-UNSa-BCEJYS
040 ## - CATALOGING SOURCE
Original cataloging agency AR-UNSa-BCEJYS
Language of cataloging spa
Transcribing agency AR-UNSa-BCEJYS
080 ## - UNIVERSAL DECIMAL CLASSIFICATION NUMBER
Universal Decimal Classification number 341
Common auxiliary subdivision Derecho internacional
022 ## - INTERNATIONAL STANDARD SERIAL NUMBER
International Standard Serial Number 2314-1905
100 1# - MAIN ENTRY--PERSONAL NAME
Personal name Academia Nacional de Derecho y Ciencias Sociales de Córdoba. Instituto de Derecho Internacional Público y Derecho de la Integración
245 10 - TITLE STATEMENT
Title Cuaderno de derecho internacional
264 #1 - PRODUCTION, PUBLICATION, DISTRIBUTION, MANUFACTURE, AND COPYRIGHT NOTICE
Place of production, publication, distribution, manufacture Córdoba :
Name of producer, publisher, distributor, manufacturer Academia Nacional de Derecho y Ciencias Sociales de Córdoba
Date of production, publication, distribution, manufacture, or copyright notice 2006
310 ## - CURRENT PUBLICATION FREQUENCY
Current publication frequency Frecuencia: Anual
590 ## - LOCAL NOTE (RLIN)
Local note niveau_biblio:s niveau_hierar:1
650 ## - SUBJECT ADDED ENTRY--TOPICAL TERM
Topical term or geographic name entry element Derecho
650 ## - SUBJECT ADDED ENTRY--TOPICAL TERM
Topical term or geographic name entry element Conflictos internacionales
650 ## - SUBJECT ADDED ENTRY--TOPICAL TERM
Topical term or geographic name entry element Derecho internacional
700 1# - ADDED ENTRY--PERSONAL NAME
Personal name Rey Caro, Ernesto J.
856 41 - ELECTRONIC LOCATION AND ACCESS
Uniform Resource Identifier <a href="https://biblioeco.unsa.edu.ar/pmb/images/revistas/Cuaderno de Derecho Internacional numero2.jpg">https://biblioeco.unsa.edu.ar/pmb/images/revistas/Cuaderno de Derecho Internacional numero2.jpg</a>
Link text Imagen de portada
Electronic format type image/jpeg
942 ## - ADDED ENTRY ELEMENTS (KOHA)
Koha item type
Existencias
Withdrawn status Lost status Damaged status Not for loan Home library Current library Shelving location Date acquired Serial enumeration / chronology Total checkouts Full call number Barcode Date last seen Price effective from Koha item type
        Biblioteca Prof. Eusebio Cleto del Rey Biblioteca Prof. Eusebio Cleto del Rey   01/12/2012 Nº 7 - dic. 2012   H341 CUA 7 R12511 10/04/2026 10/04/2026 Numero
        Biblioteca Prof. Eusebio Cleto del Rey Biblioteca Prof. Eusebio Cleto del Rey   01/12/2009 Nº 4 - dic. 2009   H341 CUA 4 R12510 10/04/2026 10/04/2026 Numero
        Biblioteca Prof. Eusebio Cleto del Rey Biblioteca Prof. Eusebio Cleto del Rey   01/12/2008 Nº 3 - dic. 2008   H341 CUA 3 R12509 10/04/2026 10/04/2026 Numero
        Biblioteca Prof. Eusebio Cleto del Rey Biblioteca Prof. Eusebio Cleto del Rey   01/12/2006 Nº 2 - dic. 2006   H341 CUA 2 R12503 10/04/2026 10/04/2026 Numero